000 00548nam a22001817a 4500
999 _c3401
_d3401
003 AR-CdUCM
008 190306b ||||| |||| 00| 0 spa d
040 _aMUNICIPALIDAD PROVINCIAL DEL CUSCO
_cBIBLIOTECA MUNICIPAL DEL CUSCO
082 _a808.83 /
_bV39
100 _aVega Herrera, Cesar
_94017
245 _aLa noche de los sprunkos /
260 _aLima :
_bSeanner,
_c1990.
300 _a203 páginas ;
_c20 cm.
505 _aContenido: cuento infantil.
650 _acuento infantil.
_911231
942 _2ddc
_cLIBROS
945 _awfj
_d2019-03-06